000 00408nam a2200157 i 4500
001 bg
100 1 _aBIEŃKOWSKI, Andrzej
245 0 _aZbiór zadań z napędu i sterowania hydraulicznego maszyn /
_cA. Bieńkowski.
260 _aGdańsk,
_c1985.
040 _cBPK
041 _apol
080 _a621.6(075.8)
080 _a62-1/-8:532](075.8)
942 _cKS
008 s pl f |000 0 pol
999 _c3178
_d3178
856 _uhttp://koha.tu.koszalin.pl/cgi-bin/koha/opac-detail.pl?biblionumber=3178
_yKatalog online BPK